В лунната стая (Запис номер 141702)
[ съкратено ]
| 000 -Лидер | |
|---|---|
| Контролно поле с фиксирана дължина | 01812nam a2200373 c 4500 |
| 003 - Код на организацията, давaща контролен номер | |
| Контролно поле | BLK |
| 005 - Дата и час на последна редакция | |
| Контролно поле | 20250407173915.0 |
| 008 - Елементи от данни с фиксирана дължина | |
| fixed length control field | 180409b bul|||||r ||||||| ||bul|| |
| 010 ## - Наследен системен номер | |
| LC control number | KNG00147776000 |
| 040 ## - Източник на каталожния запис | |
| Идентификатор на билиотеката - собственик на записа | BLK |
| 041 ## - Код за език | |
| Код за езика на текст/звукозапис или на отделно заглавие | Български |
| Код за езика КДБФ | Български |
| 080 ## - УДК | |
| Текстов определител УДК | Българска литература |
| УДК код - определител по УДК | 821.163.2 |
| УДК определител | -93-32 |
| УДК - код + определител | 821.163.2-93-32 |
| 100 ## - Редна дума - Автор | |
| Автор | Петров, Валери |
| Дати, свързани с автора | 1920 - 2014 |
| Пълна форма на името | Меворах, Валери Нисим |
| R(LIN) | 363347 |
| 139 ## - Редно поле | |
| Редна дума | Петров, Валери |
| Авторски знак | Петро - П 47 |
| 245 10 - Сведения за заглавието | |
| Заглавие | В лунната стая |
| Подзаглавни данни | Приказна повест по Детски албум на Чайковски : За нач. училищна възраст |
| Редно поле (дума) | Валери Петров; худож. Иван Димов; * Валери Нисим Меворах; * Иван Димов Иванов. |
| 257 ## - Страна на издаване | |
| Страна на създаване/издаване | България |
| 260 ## - Област на издателските данни | |
| Име на издателя, разпространителя и проч. | Бълг. художник |
| Година на издаване | 1982 |
| Печатница | София : ДП Балкан |
| Място на издаване, разпространение и проч. | София |
| 300 ## - Физическа характеристика | |
| Страници | 48 с. |
| Илюстрации и др. | с цв. ил. |
| Размери/Мащаб | 28 см |
| 380 ## - Жанр | |
| Жанр | Детска худож. лит. |
| 500 ## - Общи забележки | |
| Забележка | Истинското име на авт. е Валери Нисим Меворах. - Пълното име на худож. е Иван Димов Иванов. - Офс. изд. - 34 520 тир. |
| 600 #0 - Име на лице, използвано като предмет | |
| За него / За нея | Чайковски, Пьотър Илич |
| 9 (RLIN) | 367519 |
| 653 ## - Ключова дума – ненормативна | |
| Ключова дума | литература за деца |
| 653 ## - Ключова дума – ненормативна | |
| Ключова дума | детска литература |
| 700 1# - Други автори (авторска отговорност) | |
| Лично име | Димов, Иван |
| Автороска отговорност (Описва отношението между автора и произведението) | худож. |
| Друга информация | Иванов, Иван Димов |
| 9 (RLIN) | 364198 |
| 700 1# - Други автори (авторска отговорност) | |
| Лично име | Меворах, Валери Нисим |
| Автороска отговорност (Описва отношението между автора и произведението) | * |
| 9 (RLIN) | 367575 |
| 700 1# - Други автори (авторска отговорност) | |
| Лично име | Иванов, Иван Димов |
| Автороска отговорност (Описва отношението между автора и произведението) | * |
| 9 (RLIN) | 307093 |
| 852 ## - Местоположение | |
| Форматна сигнатура | Цб ІІ 18669 |
| 856 4# - Електронен адрес и достъп | |
| Електронен формат | pdf - файл |
| 856 4# - Електронен адрес и достъп | |
| Електронен формат | pdf - файл |
| 999 ## - СИСТЕМНИ КОНТРОЛНИ НОМЕРА | |
| Koha biblionumber | 141702 |
| Koha biblioitemnumber | 141702 |
| 942 ## - АРТИКУЛИ | |
| Вид на библиотечния материал | Книги |
| Скрит в OPAC | Не |
| Koha issues (borrowed), all copies | 4 |
| Периодичен библиозапис | Да |
| 944 ## - СЪЗДАВАНЕ И РЕДАКЦИЯ на ЗАПИСА | |
| Създаване/Редакция | Създаване |
| Дата на регистрацията/редакция | 31.07.2013 |
| Статус, дата на статуса | Ива Цветкова |
| Служител, извършил регистрацията/редакцията | 30543 |
| 944 ## - СЪЗДАВАНЕ И РЕДАКЦИЯ на ЗАПИСА | |
| Създаване/Редакция | Редакция |
| Дата на регистрацията/редакция | 31.07.2013 |
| Статус, дата на статуса | 31.07.2013 - от С1,Р / 31.07.2013 |
| 999 ## - СИСТЕМНИ КОНТРОЛНИ НОМЕРА | |
| Koha biblioitemnumber | 141702 |
| Код за отписване | Код за изгубен артикул | Източник на класификационната схема | Код за повреда | Коз за рестрикции | Код за отдаване | Артикулен № | Име на библиотеката - собственик | Име на библиотеката, в която се намира в момента | Статус (Текущо местоположение) | Дата на вписване в системата | Местоположение - отдел | Цена в лева | Инвентарен номер | Систематично азбучна сигнатура | Баркод | Номер на екземпляра | Цена в евро | Служебна бележка | Служебен тип на артикула |
|---|---|---|---|---|---|---|---|---|---|---|---|---|---|---|---|---|---|---|---|
| Не е изгубен | Universal Decimal Classification | Не е повреден | без рестрикции | ползва се в читалня | 233623 | Регионална библиотека "Любен Каравелов" Русе | Регионална библиотека "Любен Каравелов" Русе | Хранилище | 1982-01-01 | Хранилище | 1.23 | 362562 | Цб ІІ 18669 | 120000362562 | 1 | 0.63 | N: стар фонд Дата: 01.01.1982 | Книги | |
| Изтеглен | Не е изгубен | Universal Decimal Classification | Не е повреден | без рестрикции | заемане за дома | 233624 | Регионална библиотека "Любен Каравелов" Русе | Регионална библиотека "Любен Каравелов" Русе | Детски отдел | 1982-01-01 | Детски отдел | 1.23 | 363204 | ДХ 886.7/П 47 | 363204 | 2 | 0.63 | N: стар фонд Дата: 01.01.1982 Дата инв: 24.09.2015 Бележки инв: Д2015 | Книги |
| Изтеглен | Не е изгубен | Universal Decimal Classification | Не е повреден | без рестрикции | заемане за дома | 233625 | Регионална библиотека "Любен Каравелов" Русе | Регионална библиотека "Любен Каравелов" Русе | Детски отдел | 1982-01-01 | Детски отдел | 1.23 | 363205 | ДХ 886.7/П 47 | 120000363205 | 3 | 0.63 | N: стар фонд Дата: 01.01.1982 Дата инв: 24.09.2015 Бележки инв: Д2015 | Книги |
| Не е изгубен | Universal Decimal Classification | Не е повреден | без рестрикции | заемане за дома | 233626 | Регионална библиотека "Любен Каравелов" Русе | Регионална библиотека "Любен Каравелов" Русе | Детски отдел | 1982-01-01 | Детски отдел | 1.23 | 363206 | ДХ 886.7/П 47 | 120000363206 | 4 | 0.63 | N: стар фонд Дата: 01.01.1982 Дата инв: 24.09.2015 Бележки инв: Д2015 | Книги | |
| Изтеглен | Не е изгубен | Universal Decimal Classification | Не е повреден | без рестрикции | заемане за дома | 233627 | Регионална библиотека "Любен Каравелов" Русе | Регионална библиотека "Любен Каравелов" Русе | Детски отдел | 1982-01-01 | Детски отдел | 1.23 | 383537 | ДХ 886.7/П 47 | 383537 | 5 | 0.63 | N: стар фонд Дата: 01.01.1982 Дата инв: 24.09.2015 Бележки инв: Д2015 | Книги |